|
|
|
|
| LEADER |
00000ny a22000003n 4500 |
| 005 |
20110623173017.0 |
| 006 |
m u |
| 007 |
cr cn||||||||| |
| 008 |
200806r20072008sp |||||s|||||||||||spa d |
| 020 |
|
|
|a 9788498490763
|
| 035 |
|
|
|a 2434
|
| 040 |
|
|
|a FlNmELB
|c FlNmELB
|d vLex
|
| 050 |
1 |
4 |
|a R725.55
|b B616 2007eb
|
| 080 |
|
|
|a 17:215
|
| 090 |
|
|
|c 1181
|d 1181
|
| 245 |
0 |
0 |
|a Bioťica y religin̤
|h [Recurso electrn̤ico]
|c editor, Juan Jos ̌Tamayo, ...[et al.]
|
| 256 |
|
|
|a Servicio en ln̕ea
|
| 260 |
|
|
|a Madrid :
|b Dykinson,
|c 2007
|
| 300 |
|
|
|a 9- 193 p
|
| 506 |
1 |
|
|a Contenido solo disponible en los productos indicados
|d vLex Global
|d vLex Global (Academic Edition, excluding Law Schools)
|d vLex Global (U.S. Academic Edition, Law Schools)
|d vLex Global (U.S. Academic Edition, excluding Law Schools)
|d vLex Global (Academic Edition, Law Schools)
|
| 650 |
0 |
7 |
|a Bioťica
|2 Tesauro vLex
|
| 650 |
0 |
7 |
|a Civil
|2 Tesauro vLex
|
| 650 |
0 |
7 |
|a Nuevas tecnologa̕s
|2 Tesauro vLex
|
| 650 |
0 |
7 |
|a Derechos humanos
|2 Tesauro vLex
|
| 650 |
0 |
7 |
|a Constitucional
|2 Tesauro vLex
|
| 650 |
0 |
7 |
|a Reproduccin̤ Humana Asistida
|2 Tesauro vLex
|
| 650 |
0 |
7 |
|a Investigacin̤ cientf̕ica
|2 Tesauro vLex
|
| 650 |
0 |
7 |
|a Derecho eclesis̀tico
|2 Tesauro vLex
|
| 700 |
1 |
|
|a Tamayo, Juan Jos,̌
|e ed
|
| 740 |
0 |
|
|a vLex Libros (Servicios en ln̕ea)
|
| 856 |
4 |
0 |
|z Acceso restringido
|u http://vlex.com/source/bioetica-religion-2434
|
| 942 |
|
|
|c BOOK
|